Escuela y contexto social: materiales de apoyo para el estudio. Licenciatura en Educación Primaria, primer semestre

Saved in:
Bibliographic Details
Corporate Author: Secretaría de Educación Pública (Author)
Format: Book
Language:Spanish
Published: Ciudad de México SEP 1997
Edition:1a. ed
Subjects:
Tags: Add Tag
No Tags, Be the first to tag this record!

MARC

LEADER 00000nam a2200000 a 4500
001 UCJ9372
003 CL-VaPUC
008 070316e19970000MX |||||||||||||||||spa|d
020 |a 9701806573 
082 0 4 |a 306.43  |b SEC  |2 21 
110 2 |a Secretaría de Educación Pública  |e author  |9 519345 
245 1 0 |a Escuela y contexto social: materiales de apoyo para el estudio. Licenciatura en Educación Primaria, primer semestre 
246 1 0 |a Programa para la transformación y el fortalecimiento académicos de las escuelas normales 
250 |a 1a. ed 
300 |a 31 p 
942 |c BK 
945 |d 20070316 00:00:00  |a cmena 
260 |a Ciudad de México  |b SEP  |c 1997 
650 0 |a Sociología de la educación   |9 260380 
650 0 |a Educación básica   |9 224933 
650 0 |a Igualdad de oportunidades  |9 331873 
650 0 |a Planificación del currículo  |9 269599 
650 0 |a Familias   |9 255641 
650 0 |a Formación profesional de profesores  |9 307493 
583 |a last modification  |c 20070316 00:00:00  |k Rodrigo Vera 
999 |c 324902  |d 324900 
952 |0 0  |1 0  |4 0  |6 306_430000000000000_SEC_1997  |7 0  |8 A  |9 405288  |a BIBEDU  |b BIBEDU  |d 2019-11-22  |i 4324056  |o 306.43 SEC 1997  |p 4324056  |r 2019-11-22  |w 2019-11-22  |y BK  |k EBA